|
|
|
|
| LEADER |
00000nab a22000007a 4500 |
| 001 |
vtls010674398 |
| 003 |
SK-MaSNL |
| 005 |
20260304184745.0 |
| 008 |
250708s1942 xo |||||||||||||||||slo| |
| 035 |
|
|
|a (urnnbn)urn:nbn:sk:snk:ar-a06kv0
|
| 035 |
|
|
|a (uuid)a8ad6d1d-0554-4051-a902-d8de5aa19f1c
|
| 035 |
|
|
|a urn:nbn:sk:snk-ab19v2
|
| 040 |
|
|
|a SNKBUCL
|b slo
|c SNKBUCL
|e AACR2
|
| 041 |
0 |
|
|a slo
|
| 044 |
|
|
|a xo
|c SK
|
| 100 |
1 |
|
|a Opluštil, Pavol
|d 1895-1978
|4 aut
|9 212494
|
| 245 |
1 |
0 |
|a Speňažovanie hospodárskych zvierat na Slovensku
|c Pavol Opluštil
|
| 773 |
0 |
|
|t Slovenský veterinár : odborný časopis slovenských veterinárov a úradný orgán Zverolekárskej komory Slovenskej republiky
|g Roč. 4, č. 8-9 (1942), s. 193-195
|
| 850 |
|
|
|a Slovenská národná knižnica
|
| 852 |
|
|
|a Slovenská národná knižnica
|
| 954 |
|
|
|a odborná, vedecká literatúra pôvodná (slovenská)
|2 lita
|
| 958 |
|
|
|a article
|
| 958 |
|
|
|a OND
|
| 958 |
|
|
|a EUIPO
|
| 999 |
|
|
|c 3039655
|d 3041585
|